| 000 | 00715cam6a220021700 4500 | ||
|---|---|---|---|
| 001 | qce00829545 | ||
| 005 | 20190826090552.0 | ||
| 008 | 730212s1957 ilua 000 0 eng | ||
| 010 | _a 57-9230 | ||
| 035 | _a(Sirsi) r103087 | ||
| 035 | _a(QCAT)lss00383929 | ||
| 035 | _a(UPRA)qce00829545 | ||
| 040 | _dUPRA | ||
| 050 | 0 | _aDB 957 Hel 1957 | |
| 100 | 1 |
_aHeller, Andor. _6A60627.1 |
|
| 245 | 1 | 0 | _aNo more comrades. |
| 260 |
_aChicago : _bH. Regnery, _c1957. |
||
| 651 | 0 |
_aHungary -- History -- Revolution, 1956. _xHungary -- History -- Revolution, 1956. _yHungary -- History -- Revolution, 1956. _6S4485.1 |
|
| 949 |
_aDB 957 Hel 1957 _wlcc _c 1 _i33729000066956 _mMAIN _p2500 _tBOOK _lON-SHELF |
||
| 004 | 103087 | ||
| 999 |
_c159329 _d159329 |
||